000 00678cab a2200217 4500
001 ABS53178
008 090401t1995 xxu||||| |||| 00| 0 eng d
035 _a(Sirsi) u2539
041 _aeng
100 _aBonshor, R.
245 _aBRE investigates the case of the perished plaster
260 _c1995
350 _a0
490 _aCSM (Chartered Surveyor Monthly)
_v4(9) July/August 1995, 44-45(2)
520 _aFollows the BRE investigation of stained plaster in an office block, which is traced to rain penetration.
650 _aBUILDING DEFECTS
650 _aRAIN PENETRATION
690 _aBUILT ENVIRONMENT-BUILDING PATHOLOGY
942 _n0
948 _c04/03/1997
999 _c1527
_d1527